Religion Quiz

Random Religion or Church Quiz
Score 0/20 Timer 06:00
0 Plays Today
% Correct
'I am God Almighty; walk before me faithfully and be blameless.'
75.1%
and again sent out the dove from the ark.
62.7%
created the heavens and the earth.
61.1%
is so great and their sin so grievous'
56%
He ate and drank, and then got up and left. So Esau despised his birthright.
56%
both Egypt and Canaan wasted away because of the famine.
55.7%
Sacrifice him there as a burnt offering on a mountain I will show you.'
55.4%
and that every inclination of the thoughts of the human heart was only evil all the time.
55.2%
and sold him for twenty shekels of silver to the Ishmaelites, who took him to Egypt.
55.2%
livestock, creatures that move along the ground, and wild animals, each according to its kind.' And it was so.
53.9%
% Correct
so that we may make a name for ourselves and not be scattered over the face of the whole earth.'
51.3%
for dust you are and to dust you will return.'
51%
But if you do not do what is right, sin is crouching at your door; it desires to have you, but you must rule over it.'
50.3%
in a country not their own and that they will be enslaved and mistreated there.'
50.3%
and he lived in the house of his Egyptian master.
49%
So they feasted and drank freely with him.
46.9%
May those who curse you be cursed and those who bless you be blessed.'
41.7%
and a man wrestled with him till daybreak.
41.5%
I will not overthrow the town you speak of.'
39.6%
for in the image of God has God made humankind.'
35.8%
Remove Ads.
Support Sporcle.
Get the best of Sporcle when you Go Orange. This ad-free experience offers more features, more stats, and more fun while also helping to support Sporcle. Thank you for becoming a member.

You're not logged in!

Compare scores with friends on all Sporcle quizzes.
OR
Log In

Sporcle TV

Today on Sporcle TV


Watch our educational content, quiz creation guides, and fun videos on Sporcle TV.

Show Comments

Extras

Top Quizzes Today


Score Distribution

Paid Content

Your Account Isn't Verified!

In order to create a playlist on Sporcle, you need to verify the email address you used during registration. Go to your Sporcle Settings to finish the process.

Report this User

Report this user for behavior that violates our Community Guidelines.

Details: